| Tag |
First Indicator |
Second Indicator |
Subfields |
| LEADER |
00000cam a2200000 a 4500 |
| 001 |
in00004470607 |
| 005 |
20191202143004.0 |
| 008 |
730122m19721973nyua b 00100 eng |
| 010 |
|
|
|a 72154373
|
| 020 |
|
|
|a 012119101X (v. 1)
|
| 035 |
|
|
|a (OCoLC)00619546
|
| 035 |
|
|
|9 AAD5876MS
|
| 035 |
|
|
|z (UtOrBLW)10708
|
| 035 |
|
|
|a 19933
|
| 040 |
|
|
|a DLC
|c DLC
|d m.c.
|d KLH
|d TMV
|d UtOrBLW
|
| 049 |
|
|
|a TMVM
|c 1
|v 1 [1137619]
|v 2 [1137620]
|v 3 [1137621]
|v 4 [1137622]
|
| 050 |
0 |
0 |
|a QM571
|b .B76
|
| 060 |
|
4 |
|a WE 500
|b S927 1972- 1973
|
| 082 |
0 |
|
|a 612/.74
|
| 245 |
0 |
4 |
|a The structure and function of muscle /
|c edited by Geoffrey H. Bourne.
|
| 250 |
|
|
|a Second edition.
|
| 264 |
|
1 |
|a New York :
|b Academic Press,
|c 1972-1973.
|
| 300 |
|
|
|a 4 volumes :
|b illustrations ;
|c 24 cm.
|
| 336 |
|
|
|a text
|2 rdacontent
|b txt
|
| 337 |
|
|
|a unmediated
|2 rdamedia
|
| 338 |
|
|
|a volume
|2 rdacarrier
|b nc
|
| 504 |
|
|
|a Includes bibliographical references and indexes.
|
| 505 |
0 |
|
|a v. 1. Structure, part I -- v. 2. Structure, part II -- v. 3. Physiology and biochemistry -- v. 4. Pharmacology and disease.
|
| 505 |
2 |
|
|a Compilation of articles on the ultrastructure of vertebrate and invertebrate heart muscle -- Contractile structures in Ciliates -- Contractile structures in Sporozoa (Gregarines) -- Morphology of spontaneous degeneration and regeneration in skeletal muscle -- Experimental studies of regeneration -- Correlation between physiology and morphology of fiber types of vertebrates -- Correlation between physiology and morphology of fiber types of invertebrates
|
| 599 |
|
|
|a Index terms: Arthropods; Ciliates; Crayfish; Fibers, slow, chicken and fish and frog and garter snake and mammals; Fly; Guinea pig; Pig; Rat; Spindle, avian and cat and dog and frog and human and mammalian and rabbit and rat and reptile; Squirrel monkey; Thaw-contracture, rabbit psoas; Triad, fish twitch muscle; Uterus, rabbit and rat and species differences
|
| 650 |
|
2 |
|a Muslces
|x anatomy & histology.
|
| 650 |
|
2 |
|a Muscles
|x physiology.
|
| 700 |
1 |
|
|a Bourne, Geoffrey H.
|q (Geoffrey Howard),
|d 1909-1988.
|
| 948 |
|
|
|a Keep per EC, 2003 evaluation; retention reasons in 505, 520, 599, or 650 fields; 04/23/2004, ngb.
|
| 999 |
|
|
|a MARS
|
| 999 |
f |
f |
|s bfafd84a-63d3-3fa9-a2ec-973da356fcbb
|i 57863967-e0c0-3575-a07e-5db0201a4360
|t 0
|
| 952 |
f |
f |
|p ric
|a Texas A&M University
|b Rellis Campus
|c Joint Library Facility
|d Remote Storage
|t 0
|e WE 500 S927 1972-1973
|h National Library of Medicine classification
|i unmediated -- volume
|k v.2
|m 3238900161370
|
| 952 |
f |
f |
|p ric
|a Texas A&M University
|b Rellis Campus
|c Joint Library Facility
|d Remote Storage
|t 0
|e WE 500 S927 1972-1973
|h National Library of Medicine classification
|i unmediated -- volume
|k v.4
|m 3238900161392
|
| 952 |
f |
f |
|p ric
|a Texas A&M University
|b Rellis Campus
|c Joint Library Facility
|d Remote Storage
|t 0
|e WE 500 S927 1972-1973
|h National Library of Medicine classification
|i unmediated -- volume
|k v.3
|m 3238900161381
|
| 952 |
f |
f |
|p ric
|a Texas A&M University
|b Rellis Campus
|c Joint Library Facility
|d Remote Storage
|t 0
|e WE 500 S927 1972-1973
|h National Library of Medicine classification
|i unmediated -- volume
|k v.1
|m 323890016136%
|
| 998 |
f |
f |
|a WE 500 S927 1972-1973
|s v.1-v.4
|t 0
|l Remote Storage
|